000
00332 a2200157 4500
001
68997
020
_a
040
_c
Anchieta - Itaigara
100
_a
Velloso, Mabel
240
1
0
_a
Bonequinhos de papel
_l
por
245
1
0
_a
Bonequinhos de papel
300
_a
36
362
0
_a
2005
650
4
_a
Literatura infantil
942
_c
BK
999
_c
68997
_d
68997